Bienes / (Registro nro. 4712)
[ vista simple ]
| 000 -LEADER | |
|---|---|
| fixed length control field | 00947nam a2200253Ia 4500 |
| 003 - CONTROL NUMBER IDENTIFIER | |
| control field | OSt |
| 005 - DATE AND TIME OF LATEST TRANSACTION | |
| control field | 20200819171220.0 |
| 008 - FIXED-LENGTH DATA ELEMENTS--GENERAL INFORMATION | |
| fixed length control field | 191128s2014 ck gr 001 0 spa d |
| 020 ## - INTERNATIONAL STANDARD BOOK NUMBER | |
| International Standard Book Number | 9789583510236 |
| 040 ## - CATALOGING SOURCE | |
| Original cataloging agency | CO-JMCR |
| Transcribing agency | CO-JMCR |
| 041 0# - LANGUAGE CODE | |
| Language code of text/sound track or separate title | spa |
| 082 04 - DEWEY DECIMAL CLASSIFICATION NUMBER | |
| Classification number | 346.043 / |
| Item number | V444b |
| Edition number | 23 |
| 100 1# - MAIN ENTRY--PERSONAL NAME | |
| Personal name | Velásquez Jaramillo, Luis Guillermo, |
| Relator term | autor |
| 9 (RLIN) | 8938 |
| 245 10 - TITLE STATEMENT | |
| Title | Bienes / |
| Statement of responsibility, etc. | Luis Guillermo Velásquez Jaramillo |
| 250 ## - EDITION STATEMENT | |
| Edition statement | Decimotercera edición |
| 260 ## - PUBLICATION, DISTRIBUTION, ETC. | |
| Place of publication, distribution, etc. | Bogotá : |
| Name of publisher, distributor, etc. | Temis, |
| Date of publication, distribution, etc. | 2014 |
| 300 ## - PHYSICAL DESCRIPTION | |
| Extent | xxxi, 592 páginas ; |
| Dimensions | 23 cm. |
| 500 ## - GENERAL NOTE | |
| General note | Incluye índices de autores , de disposiciones y de materias. |
| 504 ## - BIBLIOGRAPHY, ETC. NOTE | |
| Bibliography, etc. note | Bibliografía: páginas [551]-556 |
| 505 0# - FORMATTED CONTENTS NOTE | |
| Formatted contents note | Nociones generales -- Derechos reales y personales -- La posesión -- El dominio -- La ocupación -- La accesión -- La tradición -- La prescripción |
| 650 14 - SUBJECT ADDED ENTRY--TOPICAL TERM | |
| Topical term or geographic name entry element | Bienes raices |
| Geographic subdivision | Colombia |
| 9 (RLIN) | 8939 |
| 650 14 - SUBJECT ADDED ENTRY--TOPICAL TERM | |
| Topical term or geographic name entry element | Derecho de propiedad |
| Geographic subdivision | Colombia |
| 9 (RLIN) | 8940 |
| 942 ## - ADDED ENTRY ELEMENTS (KOHA) | |
| Source of classification or shelving scheme | Dewey Decimal Classification |
| Koha item type | Books |
| Withdrawn status | Lost status | Source of classification or shelving scheme | Damaged status | Not for loan | Collection code | Home library | Current library | Date acquired | Source of acquisition | Total Checkouts | Total Renewals | Full call number | Barcode | Date last seen | Date last checked out | Copy number | Koha item type |
|---|---|---|---|---|---|---|---|---|---|---|---|---|---|---|---|---|---|
| Dewey Decimal Classification | Non-fiction | Biblioteca Pública José María del Castillo y Rada | Biblioteca Pública José María del Castillo y Rada | 04/15/2018 | Donación | 2 | 2 | 346.043 / V444b | 430000010 | 11/08/2024 | 10/03/2024 | Ej.1 | Books |